แสดงรายละเอียดบรรณานุกรม
  กลับหน้าหลัก

Brief Record : Get Marc (ISO 2709) : E-mail record : QR code ปิดหน้าต่าง
E-books : เกี่ยวกับ Collections
LEADER 00000nam 2200000uu 4500
001    213008
003     ULIBM
008    200720s||||||||th 000 0 tha d
020    ^a9780323358415
041    ^aeng
060 04 ^aWY18.2^bS587s 2020
100 1  ^aSilverstri, Linda Anne
245 10 ^aSaunders comprehensive review for the NCLEX-RN examination/^cLinda Anne Silverstri, Angela E. Silvestri andassociate editor, Katherine M. Silvestri
250    ^a8th ed.
260    ^aSt. Louis Missouri :^bElsevier,^cc2020
300    ^axviii,1134 p.:^bill.;^c28 cm.
504    ^aIncludes bibliographical references and index.
650  2 ^aNursing, practical^xExamination Questions
650  2 ^aNursing Care^xExamination Questions
650  2 ^aNursing Process^xExamination Questions
700 1  ^aSilvestri, Angela E.
700 1  ^aSilvestri, Katherine M.,^eed.
999    ^aใช้งานได้ทุกระบบ
รายการนี้ยังไม่มีแท็ก
คุณยังไม่ได้ล็อกอิน คุณสามารถมีกิจกรรมร่วมกับเว็บไซต์ได้ แต่ต้องล็อกอินก่อน ::
  ล็อกอิน
ลำดับที่ ประเภท เลขเรียก สถานที่ สถานะ
1. การพยาบาล (ตำราหลัก)
การพยาบาล (ตำราหลัก)
WY18.2 S587s 2020 c.1 
  
วิทยาศาสตร์สุขภาพ On Shelf
  ขอยืม
Note:จัดซื้อปีงบประมาณ 2563
   [แสดง 1/1 รายการ]

รายการใกล้เคียง
    หัวเรื่อง [Nursing Care Examination Questions]

BibComment


ยังไม่เคยถูกคอมเมนท์

คอมเมนท์ทรัพยากรรายการนี้
  คอมเมนท์: Saunders compreh..
Bib 213008

 
 
 

 Union Library Management : ULibM
Copyright 2026. All Rights Reserved.
скачать бесплатно без регистрации порно красивый секс HD Sex Hindi sex

xxx gou

xxxx

bfxxx

xxxwww

Секса Видео

xxxx

Секса Видео

detube

geilexxx

C99 Shell

worms shell

blod xxx video
Ebony Coed Rihanna Rimes Takes A Dick In Her Young Twat priyaa indian fuck anal and pusssy hardcore indian women xxx desi hardcore fucking part 1 bengalixxxcouple